000 00420nam a2200157Ia 4500
005 20250305004530.0
008 240331s9999 xx 000 0 und d
020 _a9558033669
082 _bGOD
_a891
100 _aGodare,Y
245 0 _aSofeege lokaya :
_bdharshanawdayae ithihasaya pilibanda nawakathawak
260 _aNugegoda
_bVidarshana Publishers
_c2004
300 _a609 p .,
650 _aPhilosophy
942 _cL
999 _c5193
_d5193